Counties of England: No Vowels - Statistics

General Stats
  • This quiz has been taken 18 times
  • The average score is 13 of 15
Answer Stats
Hint Answer % Correct
BRKSHR Berkshire
100%
BRSTL Bristol
94%
LNCSHR Lancashire
94%
CHSHR Cheshire
89%
DRST Dorset
89%
MRSYSD Merseyside
89%
NRFLK Norfolk
89%
XFRDSHR Oxfordshire
89%
SMRST Somerset
89%
SRRY Surrey
89%
WLTSHR Wiltshire
83%
SSX Essex
78%
SLFWGHT Isle of Wight
78%
RTLND Rutland
78%
HRFRDSHR Herefordshire
72%
No matching quizzes found
Score Distribution
Percent of People with Each Score
Percentile by Number Answered
Your Score History
You have not taken this quiz